000 00306 a2200133 4500
001 48827
040 _cAnchieta - Bela Vista
100 _aBentley, Marla
240 1 0 _aOzzie and summer sun
_leng
245 1 0 _aOzzie and summer sun
300 _a24
650 4 _aLiteratura infantil em inglês
942 _cBK
999 _c48827
_d48827